Information Technology-X (Record no. 11514)

MARC details
000 -LEADER
fixed length control field 00262nam a22000977a 4500
008 - FIXED-LENGTH DATA ELEMENTS--GENERAL INFORMATION
fixed length control field 190531b ||||| |||| 00| 0 eng d
020 ## - INTERNATIONAL STANDARD BOOK NUMBER
International Standard Book Number 9788183895231
100 ## - MAIN ENTRY--PERSONAL NAME
Personal name Jain Shivani
9 (RLIN) 7230
245 ## - TITLE STATEMENT
Title Information Technology-X
260 ## - PUBLICATION, DISTRIBUTION, ETC. (IMPRINT)
Place of publication, distribution, etc. New Delhi
Name of publisher, distributor, etc. Goyal Brothers
Date of publication, distribution, etc. 2018
Holdings
Withdrawn status Lost status Source of classification or shelving scheme Damaged status Koha normalized classification for sorting Not for loan Home library Current library Shelving location Date acquired Total Checkouts Full call number Barcode Date last seen Price effective from Koha item type
    Dewey Decimal Classification   004_000000000000000_D8   Good Samaritan School Library Good Samaritan School Library Computer Science 05/31/2019   004 D-8 JAI15293 05/31/2019 05/31/2019 BOOK

Powered by Koha